La pólemica sobre la legalización de drogas en Colombia, el Presidente Samper y los Estados Unidos /

Guardat en:
Dades bibliogràfiques
Autor principal: Tokatlian, Juan Gabriel
Format: Text
Matèries:
Etiquetes: Afegir etiqueta
Sense etiquetes, Sigues el primer a etiquetar aquest registre!

MARC

LEADER 00000 a a2200000 04500
001 43217
003
040
100 |a Tokatlian, Juan Gabriel  
245 |a La pólemica sobre la legalización de drogas en Colombia, el Presidente Samper y los Estados Unidos /  |c Juan Gabriel Tokatlian  
650 |a LUCHA CONTRA LAS DROGAS  
650 |a DROGAS DE USO INDEBIDO  
650 |a PROBLEMAS SOCIAES  
650 |a JEFES DE ESTADO  
650 |a COLOMBIA  
773 |g volumen35, número1 ( , 2000), páginas 37-83  
999 |c 36868  |d 36868